[Event "Leuven op 24th"]
[Site "Leuven"]
[Date "2012.11.04"]
[Round "3"]
[White "Berry, Stephen H"]
[Black "Peeters, Tim"]
[Result "1-0"]
[WhiteElo "2330"]
[BlackElo "2016"]
[PlyCount "123"]
[EventDate "2012.11.01"]
[EventType "swiss"]
[EventRounds "7"]
[EventCountry "BEL"]
[SourceTitle "EXT 2013"]
[Source "ChessBase"]
[SourceDate "2012.11.22"]
[SourceVersion "1"]
[SourceVersionDate "2012.11.22"]
[SourceQuality "1"]

1. c4 e5 2. Nc3 Nc6 3. g3 g6 4. Bg2 d6 5. d3 Be6 6. Nf3 Bg7 7. O-O Nge7 8. Rb1
O-O 9. b4 a6 10. a4 Qc8 11. b5 axb5 12. axb5 Nd8 13. Qb3 Bh3 14. Bg5 Bxg2 15.
Kxg2 Qd7 16. Nd5 f6 17. Be3 Kh8 18. b6 c5 19. Ra1 Ne6 20. h4 f5 21. Ra7 Nc6 22.
Rxa8 Rxa8 23. Rb1 f4 24. Bd2 Ned4 25. Qd1 Qg4 26. e3 fxe3 27. Bxe3 Nf5 28. Bg5
e4 29. Ne1 Qxd1 30. Rxd1 exd3 31. Nxd3 h6 32. Bf4 Ra4 33. Rc1 Ra3 34. Ne1 Be5
35. Nf3 Bxf4 36. Nxf4 Kg7 37. Re1 Rc3 38. Re6 Kf7 39. g4 Rxf3 40. gxf5 Rxf4 41.
Rxd6 Rxf5 42. Rxc6 Rf6 43. Rc7+ Ke6 44. Rxc5 Kd6 45. Rc7 Ke5 46. Rxb7 Kd4 47.
Rd7+ Kxc4 48. b7 Rb6 49. Rh7 h5 50. Kg3 Kd4 51. Re7 Kd5 52. Kf4 Kd6 53. Rg7 Kd5
54. Kg5 Ke4 55. Rf7 Ke5 56. f4+ Ke4 57. Rf6 Rxb7 58. Kxg6 Rb5 59. f5 Kf4 60.
Ra6 Kg4 61. Ra4+ Kg3 62. f6 1-0

[Event "Leuven op 24th"]
[Site "Leuven"]
[Date "2012.11.04"]
[Round "4"]
[White "Rogiers, Jan"]
[Black "Berry, Stephen H"]
[Result "0-1"]
[WhiteElo "2123"]
[BlackElo "2330"]
[PlyCount "62"]
[EventDate "2012.11.01"]
[EventType "swiss"]
[EventRounds "7"]
[EventCountry "BEL"]
[SourceTitle "EXT 2013"]
[Source "ChessBase"]
[SourceDate "2012.11.22"]
[SourceVersion "1"]
[SourceVersionDate "2012.11.22"]
[SourceQuality "1"]

1. d4 Nf6 2. c4 e6 3. Nc3 Bb4 4. e3 O-O 5. Bd3 d5 6. Nf3 c5 7. O-O Nc6 8. a3
Bxc3 9. bxc3 dxc4 10. Bxc4 Qc7 11. Ba2 e5 12. dxe5 Nxe5 13. Nxe5 Qxe5 14. Qe2
Rd8 15. Bb2 Ng4 16. g3 Qh5 17. f4 Bf5 18. Bb1 Bd3 19. Bxd3 Rxd3 20. Bc1 Rad8
21. c4 Rd1 22. h4 Rxf1+ 23. Kxf1 Qg6 24. e4 Nf6 25. Kg2 Nxe4 26. Qf3 f5 27. Rb1
b6 28. Be3 Rd3 29. a4 Qxg3+ 30. Qxg3 Nxg3 31. Kf3 Ne4 0-1

[Event "Leuven op 24th"]
[Site "Leuven"]
[Date "2012.11.04"]
[Round "5"]
[White "Docx, Stefan"]
[Black "Berry, Stephen H"]
[Result "1/2-1/2"]
[WhiteElo "2422"]
[BlackElo "2330"]
[PlyCount "168"]
[EventDate "2012.11.01"]
[EventType "swiss"]
[EventRounds "7"]
[EventCountry "BEL"]
[SourceTitle "EXT 2013"]
[Source "ChessBase"]
[SourceDate "2012.11.22"]
[SourceVersion "1"]
[SourceVersionDate "2012.11.22"]
[SourceQuality "1"]

1. d4 Nf6 2. c4 e6 3. g3 Bb4+ 4. Bd2 Qe7 5. Nf3 O-O 6. Bg2 Bxd2+ 7. Qxd2 d6 8.
Nc3 e5 9. O-O Re8 10. e4 Bg4 11. Ne1 Nc6 12. Nc2 exd4 13. Nd5 Qd8 14. f3 Be6
15. Nxd4 Bxd5 16. cxd5 Nxd4 17. Qxd4 h5 18. Rac1 a5 19. Bh3 Nd7 20. Bxd7 Qxd7
21. Rf2 b6 22. Rfc2 Ra7 23. Qd3 Re7 24. b3 Qe8 25. Kf2 Qd7 26. Kg2 Qe8 27. a4
Qd7 28. h4 Kf8 29. Rc6 Kg8 30. R1c2 Qe8 31. R6c3 Qd7 32. Rc1 Qe8 33. R3c2 Qd7
34. Re2 Ra8 35. Rec2 Ra7 36. Qc4 Qe8 37. Re2 Qd7 38. f4 Ra8 39. e5 dxe5 40.
fxe5 Rd8 41. Rd1 Rde8 42. Qf4 b5 43. Rdd2 bxa4 44. bxa4 Qg4 45. Re4 Qg6 46. Kh2
Qb6 47. Qg5 Qb1 48. Qf5 Qc1 49. Rf2 Qc5 50. e6 fxe6 51. Rxe6 Rxe6 52. dxe6 Qxf5
53. Rxf5 g6 54. Rf6 Kg7 55. Rf7+ Kg8 56. Rxc7 Rxe6 57. Rc5 Kg7 58. Kg2 Re3 59.
Rxa5 Ra3 60. Ra7+ Kf6 61. Ra8 Kf5 62. Rf8+ Ke6 63. Rf4 Ke5 64. Rb4 Kf5 65. Rb5+
Kf6 66. a5 Kf7 67. Rb7+ Kf6 68. Rb6+ Kf5 69. a6 Ra2+ 70. Kf1 Ra3 71. Kf2 Ra5
72. Ke3 g5 73. Rh6 Kg4 74. Rg6 Ra3+ 75. Kd4 Kxg3 76. hxg5 Kg4 77. Kc5 Kf5 78.
Rd6 Kxg5 79. Kb6 Kg4 80. a7 Rxa7 81. Kxa7 h4 82. Kb6 h3 83. Kc5 h2 84. Rh6 Kg3
1/2-1/2

[Event "Leuven op 24th"]
[Site "Leuven"]
[Date "2012.11.04"]
[Round "6"]
[White "Berry, Stephen H"]
[Black "Claesen, Pieter"]
[Result "1/2-1/2"]
[WhiteElo "2330"]
[BlackElo "2347"]
[PlyCount "37"]
[EventDate "2012.11.01"]
[EventType "swiss"]
[EventRounds "7"]
[EventCountry "BEL"]
[SourceTitle "EXT 2013"]
[Source "ChessBase"]
[SourceDate "2012.11.22"]
[SourceVersion "1"]
[SourceVersionDate "2012.11.22"]
[SourceQuality "1"]

1. c4 e6 2. g3 d5 3. Bg2 Nf6 4. Nf3 dxc4 5. Qa4+ Nbd7 6. Qxc4 a6 7. Qb3 c5 8.
d3 Bd6 9. a4 Rb8 10. a5 Bc7 11. Bd2 O-O 12. O-O e5 13. Qa4 b5 14. axb6 Nxb6 15.
Qc2 Qe7 16. Na3 e4 17. dxe4 Nxe4 18. Rac1 Bb7 19. Be3 1/2-1/2

[Event "Leuven op 24th"]
[Site "Leuven"]
[Date "2012.11.04"]
[Round "7"]
[White "Hovhannisyan, Mher"]
[Black "Berry, Stephen H"]
[Result "1/2-1/2"]
[WhiteElo "2468"]
[BlackElo "2330"]
[PlyCount "117"]
[EventDate "2012.11.01"]
[EventType "swiss"]
[EventRounds "7"]
[EventCountry "BEL"]
[SourceTitle "EXT 2013"]
[Source "ChessBase"]
[SourceDate "2012.11.22"]
[SourceVersion "1"]
[SourceVersionDate "2012.11.22"]
[SourceQuality "1"]

1. e4 e5 2. Nf3 d6 3. d4 exd4 4. Nxd4 Nf6 5. Nc3 Be7 6. g3 d5 7. e5 Ne4 8. Nxe4
dxe4 9. Bf4 O-O 10. Nb5 Na6 11. Bg2 Qxd1+ 12. Rxd1 Bg4 13. Rd2 f5 14. exf6 Bxf6
15. O-O Rad8 16. Rxd8 Rxd8 17. Nxc7 Nxc7 18. Bxc7 Rc8 19. Bf4 Rxc2 20. Bxe4
Rxb2 21. Bd5+ Kh8 22. Re1 Bd7 23. Be5 Bxe5 24. Rxe5 g6 25. Kg2 Rb5 26. Kf3 Bc6
27. Ke4 Rb4+ 28. Ke3 Bxd5 29. Rxd5 Ra4 30. Rd8+ Kg7 31. Rd7+ Kg8 32. Rxb7 Rxa2
33. g4 Ra4 34. f3 g5 35. h3 h6 36. Rc7 Kh8 37. Rd7 Kg8 38. Rb7 Kh8 39. Kf2 Ra3
40. Kg3 a5 41. Rf7 Kg8 42. Rf5 Kg7 43. h4 gxh4+ 44. Kxh4 Ra1 45. Kg3 a4 46. Ra5
a3 47. Kf4 a2 48. Ra7+ Kg6 49. Ra6+ Kg7 50. Kf5 Rf1 51. Ra7+ Kf8 52. Rxa2 Rxf3+
53. Kg6 Rh3 54. Ra8+ Ke7 55. Ra7+ Ke6 56. Ra4 Ke5 57. Rb4 Rh4 58. Ra4 Rh3 59.
Rb4 1/2-1/2

[Event "WECU Exmouth"]
[Site "Exmouth"]
[Date "2013.03.29"]
[Round "1"]
[White "Cutmore, Martin J"]
[Black "Berry, Stephen H"]
[Result "0-1"]
[WhiteElo "2051"]
[BlackElo "2330"]
[PlyCount "52"]
[EventDate "2013.03.29"]
[EventType "swiss"]
[EventRounds "7"]
[EventCountry "ENG"]

1. d4 Nf6 2. c4 e6 3. Nc3 Bb4 4. a3 Bxc3+ 5. bxc3 c5 6. e3 Nc6 7. Bd3 O-O 8.
Ne2 b6 9. e4 Ne8 10. O-O Ba6 11. Ng3 Na5 12. f4 Bxc4 13. Bxc4 Nxc4 14. f5 f6
15. fxe6 dxe6 16. Qb3 Ned6 17. Bf4 cxd4 18. cxd4 Rc8 19. Rac1 Qd7 20. Qa2 b5
21. Rcd1 f5 22. e5 Ne4 23. Nxe4 fxe4 24. g3 Qd5 25. Rb1 a6 26. a4 Nb6 0-1

[Event "WECU Exmouth"]
[Site "Exmouth"]
[Date "2013.03.29"]
[Round "2.1"]
[White "Berry, Stephen H"]
[Black "De Coverly, Roger D"]
[Result "1-0"]
[WhiteElo "2330"]
[BlackElo "2019"]
[PlyCount "73"]
[EventDate "2013.03.29"]
[EventType "swiss"]
[EventRounds "7"]
[EventCountry "ENG"]

1. c4 g6 2. Nc3 Bg7 3. g3 d6 4. Bg2 Nc6 5. Nf3 e5 6. O-O f5 7. d3 Nf6 8. Rb1
O-O 9. b4 h6 10. b5 Ne7 11. a4 Be6 12. Ba3 Rc8 13. c5 Nfd5 14. Nxd5 Nxd5 15.
Rc1 e4 16. Nh4 Kh7 17. dxe4 Nc3 18. Rxc3 Bxc3 19. exf5 gxf5 20. Bxb7 Rb8 21.
Bd5 Bxd5 22. Qxd5 Qf6 23. cxd6 cxd6 24. Qxd6 Ra8 25. Rc1 Ba5 26. Qf4 Rf7 27.
Rc6 Qg5 28. Qc4 Rf6 29. Be7 Rxc6 30. Qxc6 Qg8 31. Nxf5 Bd2 32. e3 Qg6 33. Qxa8
Qxf5 34. Ba3 Bxe3 35. Qb7+ Kg6 36. Qc6+ Kh7 37. fxe3 {Source: Roger de Coverly,
16 Jan 2019} 1-0

[Event "WECU Exmouth"]
[Site "Exmouth"]
[Date "2013.03.30"]
[Round "3"]
[White "Mackle, Dominic"]
[Black "Berry, Stephen H"]
[Result "0-1"]
[WhiteElo "2230"]
[BlackElo "2330"]
[PlyCount "82"]
[EventDate "2013.03.29"]
[EventType "swiss"]
[EventRounds "7"]
[EventCountry "ENG"]

1. d4 Nf6 2. c4 e6 3. Nf3 d5 4. g3 dxc4 5. Bg2 a6 6. O-O Nc6 7. Bg5 Be7 8. e3
Bd7 9. Nbd2 b5 10. Bxf6 Bxf6 11. Ne4 Be7 12. Ne5 O-O 13. Nxc6 Bxc6 14. Nf6+
Bxf6 15. Bxc6 Rb8 16. f4 Qd6 17. Be4 g6 18. Qf3 c5 19. d5 exd5 20. Bxd5 Bxb2
21. Rad1 Qf6 22. f5 g5 23. Rf2 Be5 24. Kh1 Rbd8 25. Qe4 Kh8 26. Rfd2 c3 27. Rf2
c4 28. Qf3 Rd6 29. e4 Rfd8 30. Rc2 b4 31. Rb1 Rxd5 32. exd5 Qd6 33. Kg2 a5 34.
Rd1 f6 35. a3 b3 36. Rxc3 Bxc3 37. Qxc3 Rc8 38. Kf2 Qe5 39. Qf3 c3 40. d6 c2
41. d7 cxd1=N+ 0-1

[Event "WECU Exmouth"]
[Site "Exmouth"]
[Date "2013.03.30"]
[Round "4"]
[White "Berry, Stephen H"]
[Black "Regis, David"]
[Result "1/2-1/2"]
[WhiteElo "2330"]
[BlackElo "2056"]
[PlyCount "53"]
[EventDate "2013.03.29"]
[EventType "swiss"]
[EventRounds "7"]
[EventCountry "ENG"]

1. c4 b6 2. Nc3 e6 3. e4 Bb7 4. Nge2 Ne7 5. g3 f5 6. d3 g6 7. Bg2 Bg7 8. O-O
O-O 9. Be3 Nbc6 10. f4 d6 11. Qd2 Qd7 12. Rae1 Rad8 13. Bf2 a5 14. d4 fxe4 15.
Nxe4 Ba6 16. Rc1 d5 17. cxd5 exd5 18. N4c3 Nb4 19. Rcd1 Bc4 20. b3 Ba6 21. a3
Nd3 22. Rfe1 Qd6 23. a4 Nb4 24. Nc1 Rde8 25. N3a2 Nxa2 26. Nxa2 c6 27. Nc1
1/2-1/2

[Event "WECU Exmouth"]
[Site "Exmouth"]
[Date "2013.03.31"]
[Round "5"]
[White "Smith, Andrew Philip"]
[Black "Berry, Stephen H"]
[Result "1-0"]
[WhiteElo "2119"]
[BlackElo "2330"]
[PlyCount "71"]
[EventDate "2013.03.29"]
[EventType "swiss"]
[EventRounds "7"]
[EventCountry "ENG"]

1. d4 Nf6 2. c4 e6 3. Nc3 Bb4 4. g3 d5 5. Bg2 O-O 6. cxd5 exd5 7. Nf3 c6 8. O-O
Re8 9. Bg5 Nbd7 10. Rc1 h6 11. Bf4 Nf8 12. a3 Bd6 13. Bxd6 Qxd6 14. e3 Bf5 15.
Ne5 N8d7 16. Nxd7 Qxd7 17. Na4 Re7 18. Nc5 Qd6 19. b4 h5 20. h4 Rae8 21. Qf3
Bg4 22. Qf4 Qxf4 23. gxf4 Be2 24. Rfe1 Bc4 25. Bf1 b6 26. Nd3 Nd7 27. Ne5 Nxe5
28. fxe5 b5 29. f3 g6 30. a4 Rf8 31. Rc2 f6 32. Rg2 Kh7 33. a5 fxe5 34. dxe5
Ref7 35. Be2 Rf5 36. e4 {Black lost on time.} 1-0

[Event "WECU Exmouth"]
[Site "Exmouth"]
[Date "2013.03.31"]
[Round "6"]
[White "Berry, Stephen H"]
[Black "Dilleigh, Steve"]
[Result "1/2-1/2"]
[WhiteElo "2330"]
[BlackElo "2112"]
[PlyCount "120"]
[EventDate "2013.03.29"]
[EventType "swiss"]
[EventRounds "7"]
[EventCountry "ENG"]

1. c4 e5 2. Nc3 Bb4 3. Nd5 Be7 4. d4 d6 5. e4 c6 6. Nxe7 Qxe7 7. f3 f5 8. dxe5
Qxe5 9. Ne2 fxe4 10. fxe4 Nf6 11. Bf4 Qa5+ 12. Nc3 O-O 13. Qd2 Nxe4 14. Nxe4
Qxd2+ 15. Bxd2 Re8 16. Bd3 Bf5 17. O-O Bxe4 18. Rae1 d5 19. cxd5 cxd5 20. Rf4
Nc6 21. Bxe4 dxe4 22. Rexe4 Rxe4 23. Rxe4 Rd8 24. Bc3 Rd7 25. h3 g6 26. Re8+
Kf7 27. Rh8 Ke6 28. a3 Kd5 29. Kf2 Nd4 30. Ke3 Re7+ 31. Kd3 Nc6 32. Rf8 Ne5+
33. Kc2 Nc6 34. Kd2 Kc4 35. Rh8 Kd5 36. Rf8 Kc4 37. g4 a6 38. Rf3 Kd5 39. Bf6
Rd7 40. Rd3+ Ke6 41. Rxd7 Kxd7 42. Ke3 Ke6 43. Bc3 b5 44. Ke4 a5 45. Bd2 a4 46.
Bc3 Kd6 47. h4 Ke6 48. Kf4 Nd8 49. h5 Nc6 50. Kg5 Kf7 51. Kh6 gxh5 52. gxh5 Kg8
53. Kg5 Kf7 54. Kf5 Ke7 55. Bd2 Kf7 56. Be3 Ke7 57. Bc5+ Kf7 58. Bd6 Na5 59.
Bb4 Nc6 60. Bc3 Ke7 1/2-1/2

[Event "WECU Exmouth"]
[Site "Exmouth"]
[Date "2013.04.01"]
[Round "7"]
[White "Boyne, Andrew"]
[Black "Berry, Stephen H"]
[Result "1/2-1/2"]
[WhiteElo "2176"]
[BlackElo "2330"]
[PlyCount "60"]
[EventDate "2013.03.29"]
[EventType "swiss"]
[EventRounds "7"]
[EventCountry "ENG"]

1. c4 e5 2. Nc3 d6 3. Nf3 f5 4. d4 e4 5. Ng5 Be7 6. Nh3 Nf6 7. g3 O-O 8. Bg2 c6
9. O-O Na6 10. d5 c5 11. f3 exf3 12. exf3 Nc7 13. a4 Nd7 14. f4 Bf6 15. Re1 Re8
16. Be3 Nb6 17. Bf1 a5 18. Qd2 Bd7 19. b3 Rxe3 20. Rxe3 Bd4 21. Rae1 Qf6 22.
Nf2 Bxe3 23. Rxe3 Na6 24. Qe2 Kf8 25. Bh3 Nb4 26. Nfd1 Re8 27. Rxe8+ Bxe8 28.
Qe6 Qxe6 29. dxe6 g6 30. Ne3 Bc6 1/2-1/2

[Event "Cotswold Open"]
[Site "Cheltenham"]
[Date "2013.05.26"]
[Round "1.1"]
[White "Berry, Stephen H"]
[Black "Ashcroft, Graham"]
[Result "1-0"]
[WhiteElo "2330"]
[BlackElo "1960"]
[PlyCount "67"]
[EventDate "2013.05.26"]
[EventType "swiss"]
[EventRounds "6"]
[EventCountry "ENG"]

1. Nf3 f5 2. d3 d6 3. e4 e5 4. Nc3 Nf6 5. exf5 Bxf5 6. d4 Nbd7 7. Bc4 Qe7 8.
O-O O-O-O 9. Re1 h6 10. dxe5 dxe5 11. Qe2 Bg4 12. h3 Bh5 13. g4 Bxg4 14. hxg4
Nxg4 15. Bf4 Qc5 16. Bg3 Bd6 17. Ne4 Qb6 18. a4 Rhf8 19. Red1 Ndf6 20. a5 Qc6
21. Nxf6 Rxf6 22. Bd5 Qe8 23. a6 b6 24. Bb7+ Kb8 25. Be4 h5 26. Qc4 Bc5 27. Bh4
Rxd1+ 28. Rxd1 g5 29. Bxg5 Rxf3 30. Bxf3 Bxf2+ 31. Kg2 Ne3+ 32. Bxe3 Bxe3 33.
Qe4 Qg8+ 34. Kh1 1-0

[Event "Cotswold Open"]
[Site "Cheltenham"]
[Date "2013.05.26"]
[Round "2.1"]
[White "Gilmour, Andrew"]
[Black "Berry, Stephen H"]
[Result "0-1"]
[WhiteElo "2088"]
[BlackElo "2330"]
[PlyCount "145"]
[EventDate "2013.05.26"]
[EventType "swiss"]
[EventRounds "6"]
[EventCountry "ENG"]

1. e4 e5 2. Nc3 Nf6 3. Bc4 Be7 4. d3 O-O 5. f4 exf4 6. Bxf4 c6 7. e5 Ne8 8. Nf3
d5 9. exd6 Bxd6 10. Be3 Nd7 11. O-O Nef6 12. Kh1 Nb6 13. Bb3 Nbd5 14. Nxd5 Nxd5
15. Bxd5 cxd5 16. Qd2 Qc7 17. Qc3 Qxc3 18. bxc3 Bd7 19. Nd4 Rac8 20. Bd2 Rfe8
21. Rab1 b6 22. Rfe1 Be5 23. Ne2 h6 24. h3 Ba4 25. Rbc1 Bf6 26. g3 g5 27. Kg2
Re6 28. Kf2 Bg7 29. Kf1 Rf6+ 30. Kg1 Re6 31. Kf1 Rc5 32. Kf2 Rb5 33. Nd4 Bxd4+
34. cxd4 Rb2 35. a3 Rf6+ 36. Ke2 Bxc2 37. Bc3 Ra2 38. Ra1 Rxa1 39. Rxa1 Ba4 40.
Rh1 Bd7 41. Rh2 Kf8 42. Rh1 Ke8 43. Rh2 Kd8 44. Rh1 Kc8 45. Rh2 Kb7 46. Rh1 Ka6
47. Bb4 Kb5 48. Bf8 Ka4 49. g4 Rc6 50. Kd2 f5 51. gxf5 Bxf5 52. h4 g4 53. Rf1
Bc8 54. Rf7 a5 55. Rg7 Rf6 56. Be7 Rf3 57. Rg6 Rxd3+ 58. Kxd3 Bf5+ 59. Kc3 Bxg6
60. Bd6 b5 61. Kb2 h5 62. Ka2 Be4 63. Kb2 Bf3 64. Ka2 b4 65. axb4 axb4 66. Kb2
Kb5 67. Kb3 Bd1+ 68. Kb2 Kc4 69. Be5 b3 70. Bg3 Kxd4 71. Kc1 Be2 72. Kb2 Bc4
73. Bc7 0-1

[Event "Cotswold Open"]
[Site "Cheltenham"]
[Date "2013.05.26"]
[Round "3.1"]
[White "Berry, Stephen H"]
[Black "Beaumont, Chris"]
[Result "1-0"]
[WhiteElo "2330"]
[BlackElo "2273"]
[PlyCount "101"]
[EventDate "2013.05.26"]
[EventType "swiss"]
[EventRounds "6"]
[EventCountry "ENG"]

1. c4 Nf6 2. Nc3 d5 3. cxd5 Nxd5 4. g3 g6 5. Bg2 Nb6 6. d3 Bg7 7. Be3 Nc6 8.
Qd2 Nd4 9. Nf3 Nf5 10. Bf4 c6 11. O-O O-O 12. Rac1 Re8 13. e4 Nd4 14. Nxd4 Qxd4
15. b3 e5 16. Be3 Qd6 17. Rfd1 Bg4 18. f3 Be6 19. Qf2 Nd7 20. d4 exd4 21. Bxd4
Bxd4 22. Qxd4 Qxd4+ 23. Rxd4 Kf8 24. f4 f6 25. f5 gxf5 26. exf5 Bxf5 27. Rf1
Be6 28. Ne4 Ke7 29. Re1 Rad8 30. Rb4 b6 31. Nf2 Ne5 32. Rh4 Rh8 33. Ne4 Rd4 34.
Rh6 Nd7 35. Ng5 Ne5 36. Rxe5 Rd1+ 37. Kf2 fxe5 38. Rxe6+ Kd7 39. Bxc6+ Kc7 40.
Ke3 Re1+ 41. Kd2 Ra1 42. h4 Rxa2+ 43. Kc3 Ra1 44. Bb5 Rc1+ 45. Kb2 Re1 46. Re7+
Kd6 47. Rxa7 Rf8 48. Rd7+ Kc5 49. Ne6+ Kxb5 50. Nxf8 Re2+ 51. Ka3 1-0

[Event "Cotswold Open"]
[Site "Cheltenham"]
[Date "2013.05.26"]
[Round "4.1"]
[White "Potter, Karl"]
[Black "Berry, Stephen H"]
[Result "0-1"]
[WhiteElo "1923"]
[BlackElo "2330"]
[PlyCount "76"]
[EventDate "2013.05.26"]
[EventType "swiss"]
[EventRounds "6"]
[EventCountry "ENG"]

1. e4 Nf6 2. e5 Nd5 3. d4 d6 4. c4 Nb6 5. f4 g6 6. Nc3 Bg7 7. Be3 Be6 8. b3 O-O
9. Nf3 c5 10. dxc5 N6d7 11. cxd6 exd6 12. Qxd6 Nxe5 13. Qxd8 Nxf3+ 14. gxf3
Rxd8 15. Rc1 Nc6 16. Be2 Nd4 17. Kf2 Nf5 18. Rhd1 Nxe3 19. Kxe3 Rxd1 20. Bxd1
Rd8 21. Ne2 Bf8 22. Nc3 Ba3 23. Rc2 Bf5 24. Nd5 Bc5+ 25. Ke2 Bxc2 26. Bxc2 Kg7
27. f5 gxf5 28. Bxf5 b5 29. Bd3 bxc4 30. Bxc4 Rd6 31. Ne7 Rf6 32. Nd5 Rh6 33.
Kd3 Rxh2 34. b4 Bd6 35. Ne3 Bxb4 36. Ng4 Rd2+ 37. Ke3 Rd8 38. Kf4 Rd4+ 0-1

[Event "Cotswold Open"]
[Site "Cheltenham"]
[Date "2013.05.27"]
[Round "5.1"]
[White "Berry, Stephen H"]
[Black "Lamb, Harry"]
[Result "1/2-1/2"]
[WhiteElo "2330"]
[BlackElo "2047"]
[PlyCount "59"]
[EventDate "2013.05.26"]
[EventType "swiss"]
[EventRounds "6"]
[EventCountry "ENG"]

1. c4 Nf6 2. Nc3 g6 3. g3 Bg7 4. Bg2 O-O 5. Nf3 d6 6. d4 Nbd7 7. O-O e5 8. e4
c6 9. Rb1 a6 10. d5 cxd5 11. cxd5 Ne8 12. Be3 f5 13. Qd2 Ndf6 14. h3 Nxe4 15.
Nxe4 fxe4 16. Ng5 Nf6 17. Kh2 Bf5 18. Rbc1 Qe7 19. Rc4 b5 20. Rc6 Bd7 21. Rc7
Rfc8 22. Rfc1 Qd8 23. Rxc8 Rxc8 24. Nxe4 Nxe4 25. Bxe4 Rxc1 26. Qxc1 Qc8 27.
Qxc8+ Bxc8 28. g4 Kf7 29. Kg3 Bf6 30. h4 1/2-1/2

[Event "Cotswold Open"]
[Site "Cheltenham"]
[Date "2013.05.27"]
[Round "6.1"]
[White "Jenkins, John"]
[Black "Berry, Stephen H"]
[Result "1-0"]
[WhiteElo "2000"]
[BlackElo "2330"]
[PlyCount "79"]
[EventDate "2013.05.26"]
[EventType "swiss"]
[EventRounds "6"]
[EventCountry "ENG"]

1. d4 Nf6 2. c4 e6 3. Nc3 Bb4 4. e3 O-O 5. Bd3 d5 6. Nf3 c5 7. O-O Nc6 8. a3
Bxc3 9. bxc3 dxc4 10. Bxc4 Qc7 11. Bb2 e5 12. h3 Bf5 13. Qe2 Rad8 14. Bb5 e4
15. Nd2 a6 16. Bxc6 Qxc6 17. c4 cxd4 18. exd4 b5 19. Rac1 bxc4 20. Nxc4 Qb5 21.
a4 Qxa4 22. Ra1 Qc6 23. Ra5 Bc8 24. Rc5 Qe6 25. Re5 Qc6 26. Rc1 Be6 27. Nd2 Qb7
28. Nxe4 Nxe4 29. Rxe4 Bd5 30. Re7 Qb6 31. Rc5 Qg6 32. f4 h6 33. Re5 Bb7 34.
Kh2 f6 35. Re7 Rfe8 36. Qc4+ Kh7 37. Rxb7 Re3 38. Qc2 Re4 39. f5 Qe8 40. Rcc7
1-0

[Event "Teplice op 8th"]
[Site "Teplice"]
[Date "2013.06.15"]
[Round "1"]
[White "Zima, Tomas"]
[Black "Berry, Stephen H"]
[Result "1/2-1/2"]
[WhiteElo "1832"]
[BlackElo "2330"]
[PlyCount "83"]
[EventDate "2013.06.15"]
[EventType "swiss"]
[EventRounds "9"]
[EventCountry "CZE"]
[SourceTitle "CBM 155 Extra"]
[Source "ChessBase"]
[SourceDate "2013.08.26"]
[SourceVersion "1"]
[SourceVersionDate "2013.08.26"]
[SourceQuality "1"]

1. c4 e5 2. Nc3 d6 3. d3 f5 4. e4 Nf6 5. Bg5 Be7 6. Qd2 O-O 7. Nf3 Nc6 8. Bxf6
Bxf6 9. Nd5 fxe4 10. dxe4 Bg4 11. Be2 Bxf3 12. Bxf3 Bg5 13. Qd3 Nd4 14. Bg4 c6
15. Nc3 Qb6 16. O-O Qxb2 17. Rab1 Qd2 18. Qxd2 Bxd2 19. Ne2 Rab8 20. Rfd1 Nxe2+
21. Bxe2 Bc3 22. Rxd6 Bd4 23. Bf3 b5 24. cxb5 cxb5 25. Rc6 b4 26. Rc2 a5 27.
Kf1 Rbc8 28. Rbc1 Rc3 29. Rxc3 Bxc3 30. Bd1 Kf7 31. Bb3+ Ke7 32. Ke2 Rf6 33. f3
Rh6 34. Rh1 Bd4 35. h4 Rc6 36. Rd1 Rc3 37. Rd3 Kd6 38. Rxc3 Bxc3 39. Kd3 Kc5
40. Ba4 Be1 41. h5 h6 42. g4 1/2-1/2

[Event "Teplice op 8th"]
[Site "Teplice"]
[Date "2013.06.16"]
[Round "2"]
[White "Berry, Stephen H"]
[Black "Riha, Jaroslav"]
[Result "1-0"]
[WhiteElo "2330"]
[BlackElo "2035"]
[PlyCount "81"]
[EventDate "2013.06.15"]
[EventType "swiss"]
[EventRounds "9"]
[EventCountry "CZE"]
[SourceTitle "CBM 155 Extra"]
[Source "ChessBase"]
[SourceDate "2013.08.26"]
[SourceVersion "1"]
[SourceVersionDate "2013.08.26"]
[SourceQuality "1"]

1. c4 g6 2. Nc3 Bg7 3. g3 Nf6 4. Bg2 O-O 5. e4 d6 6. Nge2 c5 7. O-O Nc6 8. d3
Bd7 9. h3 a6 10. Be3 Rb8 11. a4 e5 12. f4 Nd4 13. f5 gxf5 14. Bg5 Qe8 15. exf5
h6 16. Bxf6 Bxf6 17. Ne4 Qe7 18. Nxd4 cxd4 19. Qh5 Kh7 20. Kh2 Bc6 21. Nf2 Rh8
22. Bd5 Kg7 23. Ne4 Rbc8 24. Rf2 Rc7 25. a5 Rhc8 26. h4 Bxd5 27. cxd5 Rc2 28.
Raf1 R8c7 29. Kh3 Rxf2 30. Rxf2 Rc1 31. Kg2 Qd8 32. g4 Qxa5 33. g5 Kf8 34.
Qxh6+ Bg7 35. Qxd6+ Kg8 36. Qb8+ Bf8 37. Qxe5 Qe1 38. Nf6+ Kh8 39. Nh5+ Kg8 40.
Ng3 Qb4 41. d6 1-0

[Event "Teplice op 8th"]
[Site "Teplice"]
[Date "2013.06.17"]
[Round "3"]
[White "Rubes, Jan"]
[Black "Berry, Stephen H"]
[Result "0-1"]
[WhiteElo "2139"]
[BlackElo "2330"]
[PlyCount "80"]
[EventDate "2013.06.15"]
[EventType "swiss"]
[EventRounds "9"]
[EventCountry "CZE"]
[SourceTitle "CBM 155 Extra"]
[Source "ChessBase"]
[SourceDate "2013.08.26"]
[SourceVersion "1"]
[SourceVersionDate "2013.08.26"]
[SourceQuality "1"]

1. e4 e5 2. Nf3 d6 3. d4 exd4 4. Nxd4 Nf6 5. Nc3 Be7 6. Be2 O-O 7. O-O Re8 8.
f4 Bf8 9. Bf3 c5 10. Nde2 Nc6 11. b3 Bd7 12. Bb2 Rb8 13. Ng3 Nd4 14. Nd5 Nxd5
15. exd5 Be7 16. Kh1 Nxf3 17. Qxf3 Bf6 18. Bxf6 Qxf6 19. Ne4 Qe7 20. Nd2 Bf5
21. c3 b5 22. g4 Be4 23. Nxe4 Qxe4 24. Qxe4 Rxe4 25. Rae1 Rbe8 26. Rxe4 Rxe4
27. Kg2 g5 28. Kg3 Re3+ 29. Rf3 gxf4+ 30. Kxf4 Re2 31. Re3 Rf2+ 32. Kg3 Rxa2
33. Re8+ Kg7 34. Rd8 Ra3 35. Rxd6 Rxb3 36. Ra6 Rxc3+ 37. Kf4 b4 38. Rxa7 b3 39.
Rb7 Rc4+ 40. Ke5 Rb4 0-1

[Event "Teplice op 8th"]
[Site "Teplice"]
[Date "2013.06.18"]
[Round "4"]
[White "Berry, Stephen H"]
[Black "Simantsev, Mikhail"]
[Result "0-1"]
[WhiteElo "2330"]
[BlackElo "2454"]
[PlyCount "126"]
[EventDate "2013.06.15"]
[EventType "swiss"]
[EventRounds "9"]
[EventCountry "CZE"]
[SourceTitle "CBM 155 Extra"]
[Source "ChessBase"]
[SourceDate "2013.08.26"]
[SourceVersion "1"]
[SourceVersionDate "2013.08.26"]
[SourceQuality "1"]

1. c4 e5 2. Nc3 Nf6 3. Nf3 Nc6 4. e4 Bb4 5. d3 d6 6. g3 Bg4 7. h3 Bxf3 8. Qxf3
Nd4 9. Qd1 a6 10. Bg2 O-O 11. O-O Bc5 12. Kh2 Nd7 13. a3 c6 14. b4 Ba7 15. Rb1
Qe7 16. Be3 Rfe8 17. Qh5 Nf8 18. f4 exf4 19. gxf4 f5 20. Bf2 g6 21. Qh6 Nfe6
22. Rbe1 Qf7 23. Bg1 Rf8 24. Kh1 Rae8 25. Ne2 Nxe2 26. Rxe2 Bxg1 27. Kxg1 Nd4
28. Ref2 Qf6 29. a4 b6 30. Kh2 a5 31. b5 c5 32. Kh1 Kh8 33. Qg5 Qf7 34. Qg3 Re6
35. e5 Qe8 36. Bd5 Re7 37. exd6 Re3 38. Qh4 Qd8 39. Qh6 Qxd6 40. Rg2 Rf6 41.
Kh2 Ne6 42. Rg3 Re2+ 43. Rg2 Re3 44. Rg3 Re2+ 45. Rg2 Rxg2+ 46. Kxg2 Qe7 47.
Re1 g5 48. Rxe6 Qxe6 49. Qxg5 Qe2+ 50. Kh1 Qe1+ 51. Kh2 Qd2+ 52. Kh1 Qd1+ 53.
Kh2 Qe2+ 54. Kh1 Qf1+ 55. Kh2 Qf2+ 56. Bg2 Qd4 57. Bd5 Qf2+ 58. Bg2 Qd4 59. Bd5
Rf8 60. Qh6 Qb2+ 61. Kg3 Rf6 62. Qh5 Rg6+ 63. Kf3 Qd2 0-1